| 000 | 008400000a22001810004500 | ||
|---|---|---|---|
| 003 | MACL | ||
| 005 | 20160611161634.0 | ||
| 008 | 160611b xxu||||| |||| 00| 0 eng d | ||
| 040 |
_aMACL _cmacl |
||
| 041 | _aHindi | ||
| 082 | _a340 SAS | ||
| 100 |
_aशस्त्री, अध्यापाक धर्मेन्द्रनाथ _964484 |
||
| 245 |
_aन्यायकारिकावली भाषापरिच्छद तथा उसकी टीका _bन्यायसिद्धान्तमुक्तावली _cधर्मेन्द्रनाथ शास्त्री |
||
| 260 |
_bमोतीलाल बनारसीदास पब्लिशर्स _c1953 _aबनारस |
||
| 350 | _a5 | ||
| 650 |
_aलॉ _933609 |
||
| 942 |
_cHIN _k340/SAS _2ddc |
||
| 999 |
_c44137 _d44137 |
||